00907nam a2200229 a 4500003000900000005001700009008004100026040001300067100002000080245018400100260002500284300001000309500007600319500004100395504002600436650003100462650001700493650003100510650002600541650002300567711008700590AR-BaBNM20251128203500.0082120s2002 ||||||||||||||000 | spa|| cAR-BaBNM1 aBruera, Ricardo00aEl desarrollo de la personalidad en la educación formal ;bLe développement de la personnalité dans l'education formelle ; The development of personality in formal education aRosariobIRICEc1982 a42 p. aIRICE: INSTITUTO ROSARIO DE INVESTIGACIONES EN CIENCIAS DE LA EDUCACION aUNR: UNIVERSIDAD NACIONAL DE ROSARIO aBibliografía: p. 43 4aPSICOLOGIA DE LA EDUCACION 4aPERSONALIDAD 4aDESARROLLO DE LA EDUCACION 4aPSICOLOGIA INDIVIDUAL 4aSISTEMAS ESCOLARES2 aCongreso Internacional de Ciencias de la Educaciónn8cHelsinki, Finlandiad1982